| 000 | 01668nam0a2200373 4500 | ||
|---|---|---|---|
| 001 | RU\NLR\bibl\238533 | ||
| 005 | 20260406164304.0 | ||
| 010 |
_a5-8329-0034-0 _9300 |
||
| 021 |
_aRU _b2002-27249 _91351 |
||
| 035 | _a(NLR Aleph) 000234429 | ||
| 090 |
_a1364931 _c1364931 |
||
| 100 | _a20020315d2001 |||y0rusy50 ca | ||
| 101 | 0 | _arus | |
| 102 | _aRU | ||
| 105 | _ay ||||||||| | ||
| 200 | 1 |
_aД.С. Мережковский и З.Н. Гиппиус: из жизни в эмиграции _fВ.И. Хрисанфов _gПод науч. ред. доц. Мальцева Н.Н. |
|
| 210 |
_aСПб. _cСинтез-Полиграф _d2001 |
||
| 215 |
_a182, [1] с. _d20 |
||
| 316 |
_aС автогр. авт. _5NLR |
||
| 320 | _aБиблиогр. в примеч. в конце кн. | ||
| 600 | 1 |
_aГиппиус _bЗ.Н. _f1869 - 1945 _gЗинаида Николаевна _xБиография _92238504 _3RU\NLR\auth\661343316 |
|
| 600 | 1 |
_aМережковский _bД.С. _f1866 - 1941 _gДмитрий Сергеевич _xБиография _92238506 _3RU\NLR\auth\661343317 |
|
| 600 | 1 |
_aМережковский _bД. С. _f1866-1941 _gДмитрий Сергеевич _2psbo |
|
| 686 | _aШ5(2=Р)53-4Гиппиус | ||
| 686 | _aШ5(2=Р)53-4Мережковский | ||
| 700 | 1 |
_aХрисанфов _bВ. И. _4070 |
|
| 702 | 1 |
_4570 _8rus _7ca _aГиппиус _bЗ. Н. _f1869-1945 _gЗинаида Николаевна _3RU\NLR\auth\7710609 _9120376 |
|
| 801 | 0 |
_aRU _bNLR _c20020315 _gPSBO |
|
| 801 | 1 |
_aRU _bNLR _c20020315 |
|
| 942 | _cBOOK | ||
| 980 | _aNB | ||